Lingue in cui è disponibile Cars - Statistics

Statistiche generali
  • Questo quiz è stato fatto 65 volte
  • Il punteggio medio è 34 su 51
Statistiche sulle risposte
Lingua % Corretto
Cinese mandarino
100%
Inglese
100%
Italiano
100%
Spagnolo (America latina)
98%
Spagnolo (Spagna)
98%
Cinese cantonese
97%
Francese (Canada)
97%
Francese (Europa)
97%
Giapponese
97%
Russo
97%
Portoghese (Brasile)
95%
Portoghese (Europa)
95%
Tedesco
94%
Arabo (Egitto)
89%
Finlandese
87%
Svedese
85%
Arabo (Standard)
84%
Rumeno
82%
Serbo
81%
Norvegese
79%
Greco
77%
Polacco
77%
Neerlandese
76%
Coreano
74%
Ucraino
74%
Danese
73%
Turco
71%
Lituano
66%
Albanese
65%
Croato
65%
Estone
63%
Lettone
63%
Bulgaro
60%
Ungherese
60%
Sloveno
58%
Ceco
52%
Slovacco
50%
Thai
45%
Islandese
44%
Macedone
42%
Indonesiano
40%
Bielorusso
39%
Tamil
35%
Filippino
34%
Malay
34%
Persiano
29%
Azero
24%
Catalano
23%
Basco
18%
Kazako
18%
Bangladese
15%
Nessun quiz corrispondente trovato
Distribuzione punteggi
Percentuale di utenti per punteggio
Percentile per numero di risposta
I tuoi punteggi nel tempo
Non hai fatto questo quiz